Pripravme sa na ochranu zeleniny proti hubovým chorobám

Bibliographic Details
Main Author: Zacha, Vladimír, 1925-1995 (Author)
Format: Article
Language:Slovak
ISSN:0862-5565
Subjects:

MARC

LEADER 00000nab a2200000 a 4500
001 vtls000552945
003 SK-MaSNL
005 20260304235720.0
008 120929c1995 xo 0 slo
015 |a SNBRB19rr/mm-uuuuu 
035 |a CL0553083 
040 |a SNKBUCL  |b slo  |c SNKBUCL  |e AACR2 
041 0 |a slo 
044 |a xo  |c SK 
080 |a 632.4:635.1/.8:632.9  |2 1981 
080 |a 635.1/.8  |2 1981 
080 |a 632.9  |2 1981 
100 1 |a Zacha, Vladimír,  |d 1925-1995  |4 aut  |9 97506 
245 1 0 |a Pripravme sa na ochranu zeleniny proti hubovým chorobám  |c Vladimír Zacha 
500 |a Meno aut. na dok. V. Zacha 
650 0 7 |a zelenina  |2 snkbucl  |9 2731 
650 0 7 |a hubové choroby rastlín  |2 snkbucl  |9 57801 
655 7 |a články z novín a časopisov  |2 snkbucl  |9 267496 
773 0 |t Záhradkár  |g Roč. 31, č. 6 (1995), s. 15  |x 0862-5565 
850 |a Slovenská národná knižnica v Martine  |a MTA001 
852 |a SNK  |b KIS3GCP 
958 |a RK 
992 |a RBX 
999 |c 3210133  |d 3212063